| 000 | 00694nam a2200181Ia 4500 | ||
|---|---|---|---|
| 008 | 100921s9999 xx 000 0 und d | ||
| 082 |
_b7693 _a050 थ 66 |
||
| 100 | _a--- | ||
| 245 | _aनवयुग दीपावली दि.अं. 1966.विवेक दसरा 1966. | ||
| 260 |
_b--- _c1966 |
||
| 300 |
_a0 _b--- |
||
| 365 | _b0 | ||
| 520 | _aसंकिर्ण कालिके. | ||
| 630 | _aनवयुग दीपावली दि.अं. 1966.विवेक दसरा 1966. | ||
| 650 | _aसंकिर्ण कालिके. | ||
| 730 | _aनवयुग दीपावली दि.अं. 1966.विवेक दसरा 1966. | ||
| 942 | _cBOOK | ||
| 999 |
_c756806 _d756803 |
||